000 00900nam a2200217Ii 4500
003 JO-AjNU
008 230605s9999||||xx |||||||||||||| ||und||
040 _aJO-AjNU
_bara
_erda
_cJO-AjNU
041 _aara
050 1 4 _aQC173.55.G4764 1988
100 3 _aتاليغ غضيب، هشام,
_eauthor
_957739
245 0 0 _aالطريق الى النسبيه
250 _aط1
264 3 1 _aعمان،الرباط: الجمعيه العلميه الملكيه،المنظمه الاسلاميه لتربيه والعلوم والثقافه(ايسسيسكو)،1988
300 _a240ص
_bببليوجرافيا:231-240، صور توضيحيه
336 _atext
_btxt
_2rdacontent
337 _aunmediated
_bn
_2rdamedia
338 _avolume
_bnc
_2rdacarrier
490 0 _aسيرورة التوحيدفي فيزياء المجال (1)
650 4 _aالنسبيه-النظريه-فيزياء
_957740
999 _aA25892
_c29460
_d29460